000 00678nam a2200229 i 4500
001 C2-0246716
003 PPAK
005 20180727211420.0
008 030324s2002 xx a|||| ||||| | eng d
040 _aPPAK
_beng
_cPPAK
_erda
082 0 4 _a915.6940454
_223
090 0 0 _a915.6940454
_bNAT
_dR
100 1 _aNathan, Lauren,
_eauthor
245 1 0 _aHoly lands :
_bone place three faiths
264 1 _a[place of publication not identified] :
_bTime Inc. ,
_c2002
300 _a128 pages :
_bcolour illustrations ;
_c28 cm
336 _2rdacontent
_atext
337 _2rdamedia
_aunmediated
338 _2rdacarrier
_avolume
650 1 0 _aIsrael - Guidebooks
942 _ddc
_cB
999 _c60620
_d60620